Den Země aneb Go Green!
22. apríl - deň Zeme. Módny trend byť "zeleným". Rôzne formy ochrany životného prostredia - používanie recyklovaných igelitiek, eko žiaroviek, ponuka hybridných automobilov. Bio (organické) potraviny. Zelené reklamné agentúry.
Enregistré dans:
| Auteur principal: | |
|---|---|
| Format: | Chapitre de livre |
| Langue: | tchèque |
| Sujets: | |
| Tags: |
Pas de tags, Soyez le premier à ajouter un tag!
|
MARC
| LEADER | 00000naa$a2200000$$$4500 | ||
|---|---|---|---|
| 001 | 0080433 | ||
| 005 | 20231019093058.7 | ||
| 041 | 0 | |a cze | |
| 044 | |a CZ | ||
| 245 | 1 | 0 | |a Den Země aneb Go Green! |c Petra Peters |
| 520 | |a 22. apríl - deň Zeme. Módny trend byť "zeleným". Rôzne formy ochrany životného prostredia - používanie recyklovaných igelitiek, eko žiaroviek, ponuka hybridných automobilov. Bio (organické) potraviny. Zelené reklamné agentúry. | ||
| 610 | 2 | 0 | |a ochrana prírody |
| 610 | 2 | 0 | |a ochrana prostredia životného |
| 610 | 2 | 0 | |a firmy |
| 610 | 2 | 0 | |a potraviny |
| 610 | 2 | 0 | |a bioprodukty |
| 610 | 2 | 0 | |a automobily |
| 100 | 1 | |a Peters, Petra | |